Ecos nacionales y cantares / Ventura Ruiz Aguilera. (Record no. 164146)

MARC details
000 -LEADER
campo de control de longitud fija 00929nam a22002535i 4500
001 - NÚMERO DE CONTROL
campo de control 164146
003 - IDENTIFICADOR DE NÚMERO DE CONTROL
campo de control ES-MaACL
005 - FECHA Y HORA DE LA ÚLTIMA TRANSACCIÓN
campo de control 20250811063201.0
008 - DATOS DE LONGITUD FIJA--INFORMACIÓN GENERAL
campo de control de longitud fija 950206s1873 sp a |||| | spa d
040 ## - FUENTE DE CATALOGACIÓN
Centro catalogador/agencia de origen GA
100 ## - ENTRADA PRINCIPAL--NOMBRE DE PERSONA
Nombre de persona Ruiz Aguilera, Ventura,
Fechas asociadas al nombre 1820-1881
9 (RLIN) 188456
245 10 - MENCIÓN DEL TÍTULO
Título Ecos nacionales y cantares / Ventura Ruiz Aguilera.
250 ## - MENCION DE EDICION
Mención de edición 5ª ed.
260 ## - PUBLICACIÓN, DISTRIBUCIÓN, ETC.
Lugar de publicación, distribución, etc. Madrid :
Nombre del editor, distribuidor, etc. [s.n.,
Fecha de publicación, distribución, etc. s.a.] (
Fabricante Imprenta de la Biblioteca de Instrucción y Recreo)
300 ## - DESCRIPCIÓN FÍSICA
Extensión 416 p., [1] h. de lám. ;
Dimensiones 19 cm.
490 1# - MENCIÓN DE SERIE
Mención de serie Obras completas de D. Ventura Ruiz Aguilera
596 #1 - NOTA AL PIE DE IMPRENTA
NOTA AL PIE DE IMPRENTA El NUC, fecha esta obra en 1873.
599 #1 - NOTA A LAS ILUSTRACIONES
NOTA A LAS ILUSTRACIONES La h. de lám. es grab. cal.: retrato del autor.
830 0# - PUNTO DE ACCESO ADICIONAL DE SERIE-TÍTULO UNIFORME
Título uniforme Obras completas de D. Ventura Ruiz Aguilera
9 (RLIN) 188457
852 ## - LOCALIZACIÓN
Ubicación ES-MaACL
Número de control de estantería G-1357
Nota libre -- Enc. hol.
852 ## - LOCALIZACIÓN
Ubicación ES-MaACL
Número de control de estantería G-10497
Nota libre -- Enc. tela
Holdings
Estatus retirado Estado de pérdida Estado de daño No para préstamo Biblioteca de origen Biblioteca actual Ubicación en estantería Fecha de adquisición Fuente de adquisición Total de préstamos Signatura topográfica completa Código de barras Visto por última vez Precio de reemplazo Tipo de ítem Koha
        Biblioteca del Ateneo de Madrid Biblioteca del Ateneo de Madrid Sala Pecera Planta 3 17/01/2008     G-10497 1172037 23/02/2023 23/02/2023 Libro impreso
        Biblioteca del Ateneo de Madrid Biblioteca del Ateneo de Madrid Depósito 2 17/01/2008     G-1357 1172036 23/02/2023 23/02/2023 Libro impreso